000
00310nam a2200121Ia 4500
008
240624s9999 xx 000 0 und d
041
_a
eng
082
_a
658.3 PHI
100
_a
PHILLIPS JACK J
245
_a
COSTS AND ROI EVALUATING AT THE ULTIMATE
260
_c
2008
_a
San Francisco
_b
Pfeiffer
365
_c
_b
27
999
_c
15411
_d
15411